[Event "AUTO-INT-925"]
[Site "http://www.queenalice.com/game.php?id=414274"]
[Date "2008.6.6"]
[Round "1"]
[White "billymc"]
[Black "rio15"]
[Result "1/2-1/2"]
[WhiteElo "1381"]
[BlackElo "1538"]

1. e4 e5 2. Nf3 Nc6 3. c4 d6 4. d3 Nf6 5. Nc3 Be7 6. b3 O-O 7. Nd5 Nxd5 8. cxd5
Nd4 9. Nxd4 exd4 10. g3 b6 11. a4 Ba6 12. Bh3 g6 13. Bh6 Re8 14. Qf3 Bf8 15.
Bxf8 Rxf8 16. Rd1 Bc8 17. Bxc8 Qxc8 18. Qf4 Qh3 19. Kd2 a5 20. Rc1 Rac8 21. Qf6
Qh6+ 22. Ke2 Qg7 23. Qe7 1/2-1/2

[Event "QA-ANNIV-04"]
[Site "http://www.queenalice.com/game.php?id=418529"]
[Date "2008.6.16"]
[Round "1"]
[White "rio15"]
[Black "gillou91"]
[Result "1-0"]
[WhiteElo "1581"]
[BlackElo "2037"]

1. e4 c5 2. Nc3 Nc6 3. Nf3 g6 4. d4 cxd4 5. Nxd4 Bg7 6. Be3 Nf6 7. Nxc6 bxc6 8.
e5 Nd5 9. Nxd5 cxd5 10. Qxd5 Rb8 11. Bc4 O-O 12. Bxa7 Rxb2 13. c3 Bb7 14. Qd4
Bxg2 15. Rg1 Bh3 16. Rg3 Bf5 17. f4 d6 18. Bd3 Bxd3 19. Qxd3 dxe5 20. Qxd8 Rxd8
21. Rd1 Rxd1+ 22. Kxd1 Rxa2 23. Bb8 exf4 24. Bxf4 Rxh2 25. Rd3 Rh4 26. Bg5 1-0

[Event "Let's Play Chess!"]
[Site "http://www.queenalice.com/game.php?id=424656"]
[Date "2008.6.28"]
[Round "-"]
[White "elche"]
[Black "rio15"]
[Result "1-0"]
[WhiteElo "1735"]
[BlackElo "1578"]

1. e4 e5 2. Nf3 d6 3. d4 Nc6 4. dxe5 dxe5 5. Qxd8+ Nxd8 6. Nxe5 Nf6 7. Bb5+ c6
8. Bd3 b5 9. O-O Bd6 10. f4 O-O 11. Nc3 Bxe5 12. fxe5 Ng4 13. Bf4 Re8 14. Bg5
Nxe5 15. Bxd8 Rxd8 16. Rad1 Bg4 17. h3 Bxd1 18. Rxd1 Nxd3 19. cxd3 Rd4 20. Ne2
1-0

[Event "Let's Play Chess!"]
[Site "http://www.queenalice.com/game.php?id=424661"]
[Date "2008.6.28"]
[Round "-"]
[White "elche"]
[Black "rio15"]
[Result "1-0"]
[WhiteElo "1754"]
[BlackElo "1559"]

1. e4 e5 2. Nf3 Nc6 3. Bb5 a6 4. Bxc6 bxc6 5. O-O d6 6. d4 Nf6 7. dxe5 Nxe4 8.
exd6 cxd6 9. Re1 d5 10. Nc3 Bf5 11. Nxe4 Bxe4 12. Ng5 Be7 13. Nxe4 dxe4 14. Be3
O-O 15. b3 Bb4 16. Re2 Qxd1+ 17. Rxd1 Rad8 18. Rb1 Rd6 19. c3 Bxc3 20. Bf4 1-0

[Event "Let's Play Chess!"]
[Site "http://www.queenalice.com/game.php?id=424662"]
[Date "2008.6.28"]
[Round "-"]
[White "rio15"]
[Black "elche"]
[Result "0-1"]
[WhiteElo "1589"]
[BlackElo "1724"]

1. e4 c5 2. c3 Nc6 3. d4 cxd4 4. cxd4 e6 5. Nf3 Bb4+ 6. Nc3 Nf6 7. Bd3 Qb6 8.
O-O O-O 9. Na4 Qc7 10. e5 Nd5 11. a3 Ba5 12. Qe2 Bb6 13. Qe4 g6 14. Bh6 f5 15.
Qh4 Rf7 16. Nxb6 Qxb6 17. Bc4 Qd8 18. Qxd8+ Nxd8 19. Ng5 Re7 0-1

[Event "Let's Play Chess!"]
[Site "http://www.queenalice.com/game.php?id=424663"]
[Date "2008.6.28"]
[Round "-"]
[White "rio15"]
[Black "elche"]
[Result "0-1"]
[WhiteElo "1568"]
[BlackElo "1745"]

1. e4 c5 2. Nc3 e6 3. d4 cxd4 4. Qxd4 Nc6 5. Qa4 Nf6 6. Nf3 Bb4 7. Bd3 Bxc3+ 8.
bxc3 O-O 9. Ba3 b6 10. Bxf8 Qxf8 11. O-O Bb7 12. e5 Nd5 13. c4 Nf4 14. Be4 Ne2+
15. Kh1 Nc3 16. Qb3 Nxe4 17. Qd3 Nc5 18. Qd6 Qxd6 19. exd6 Ne4 0-1

[Event "Who dares wins!"]
[Site "http://www.queenalice.com/game.php?id=424707"]
[Date "2008.6.28"]
[Round "-"]
[White "rio15"]
[Black "chaosagent"]
[Result "0-1"]
[WhiteElo "1550"]
[BlackElo "1295"]

1. e4 e5 2. Nf3 Nc6 3. d4 exd4 4. Nxd4 Bc5 5. c3 Nf6 6. b4 Bb6 7. Nxc6 bxc6 8.
e5 Nd5 9. Bc4 Qh4 10. Qe2 O-O 11. Nd2 Nxc3 12. Qd3 Qxf2# 0-1

[Event "AUTO-INT-947"]
[Site "http://www.queenalice.com/game.php?id=424930"]
[Date "2008.6.29"]
[Round "1"]
[White "Football_rules"]
[Black "rio15"]
[Result "1-0"]
[WhiteElo "1708"]
[BlackElo "1499"]

1. e4 e5 2. d3 Nf6 3. h3 d5 4. f3 dxe4 5. fxe4 Nc6 6. Be3 Bd6 7. c3 b6 8. Nd2
Ba6 9. Qf3 O-O 10. a3 Na5 11. Qg3 Nh5 12. Qg4 g6 13. Ngf3 Nf6 14. Qh4 h5 15. d4
Bxf1 16. Nxf1 Nc4 17. Bg5 Kg7 18. Ng3 exd4 19. cxd4 Bxg3+ 20. Qxg3 Nxe4 21. Bh6+
1-0

[Event "AUTO-INT-947"]
[Site "http://www.queenalice.com/game.php?id=424931"]
[Date "2008.6.29"]
[Round "1"]
[White "rio15"]
[Black "Football_rules"]
[Result "0-1"]
[WhiteElo "1507"]
[BlackElo "1700"]

1. e4 e5 2. Nf3 d6 3. d4 f6 4. d5 Nd7 5. c4 Nc5 6. Nc3 a6 7. b4 Nd7 8. Qa4 Be7
9. Be3 Nh6 10. g3 Ng4 11. Bd2 O-O 12. h3 Nb6 13. Qd1 Nh6 14. Bg2 Nxc4 15. Bc1
Qd7 16. a3 f5 17. O-O f4 18. gxf4 Rf6 19. Ng5 Rg6 20. h4 exf4 0-1

[Event "AUTO-INT-947"]
[Site "http://www.queenalice.com/game.php?id=424956"]
[Date "2008.6.29"]
[Round "1"]
[White "grandmaster1991"]
[Black "rio15"]
[Result "0-1"]
[WhiteElo "1674"]
[BlackElo "1483"]

1. e4 e5 2. Nf3 Nc6 3. Bb5 Nf6 4. Bxc6 dxc6 5. Nxe5 Bd6 6. Nc4 Nxe4 7. O-O O-O
8. Nxd6 cxd6 9. Re1 d5 10. d3 Ng5 11. Qd2 h6 12. Nc3 b5 13. a3 Re8 14. Rxe8+
Qxe8 15. b4 Qe5 16. Bb2 Bf5 17. Re1 Qf6 18. Nxd5 Qxb2 19. Ne7+ Kf8 20. Nxf5 Qf6
21. Nh4 Re8 0-1

[Event "AUTO-INT-947"]
[Site "http://www.queenalice.com/game.php?id=424957"]
[Date "2008.6.29"]
[Round "1"]
[White "rio15"]
[Black "grandmaster1991"]
[Result "0-1"]
[WhiteElo "1490"]
[BlackElo "1757"]

1. e4 e5 2. d3 Nf6 3. Nc3 Bb4 4. a3 Bxc3+ 5. bxc3 O-O 6. Nf3 Re8 7. d4 exd4 8.
cxd4 Nxe4 9. Bd3 Nc3+ 10. Be2 Nxd1 11. Kxd1 d5 12. Re1 Nc6 13. c3 Bg4 14. h3
Bxf3 15. Bxf3 Rxe1+ 16. Kxe1 Qd6 17. g3 Re8+ 18. Kf1 Na5 19. Be2 Nb3 20. Rb1
Nxc1 21. Rxc1 Qxa3 0-1

[Event "Let's Play Chess!"]
[Site "http://www.queenalice.com/game.php?id=427023"]
[Date "2008.7.3"]
[Round "-"]
[White "rio15"]
[Black "anetta007"]
[Result "0-1"]
[WhiteElo "1600"]
[BlackElo "1728"]

1. e4 c5 2. Nf3 d6 3. d4 cxd4 4. Nxd4 Nf6 5. Nc3 g6 6. Bb5+ Bd7 7. Qd3 a6 8.
Bxd7+ Qxd7 9. O-O Bg7 10. b3 O-O 11. Na4 Qd8 12. c4 h6 13. Bb2 e5 14. Nf3 Kh7
15. c5 Nbd7 16. cxd6 b5 17. Nc3 Nc5 18. Qd2 Ncxe4 19. Qd1 Nxd6 20. Nxe5 Qb6 21.
Nd5 Nxd5 22. Qxd5 Rad8 23. Bd4 Qc7 24. Rac1 Qe7 25. Nc6 Nf5 26. Nxe7 Rxd5 27.
Nxd5 Bxd4 28. Rcd1 Rd8 29. Nf6+ Kg7 30. Ne4 Re8 31. Nd6 Nxd6 32. Rxd4 Nf5 33.
Rd5 Kf6 34. Rc5 Re6 35. Rfc1 Kg5 36. g3 h5 37. h4+ Kh6 38. f4 Nxg3 39. Kg2 Ne2
40. Re1 Nxf4+ 41. Kf1 Rf6 42. Re3 Nd3+ 43. Kg1 Nxc5 44. b4 Na4 45. Ra3 Nb2 46.
Kg2 Nc4 0-1

[Event "AUTO-INT-952"]
[Site "http://www.queenalice.com/game.php?id=427260"]
[Date "2008.7.4"]
[Round "1"]
[White "MusicMan"]
[Black "rio15"]
[Result "1-0"]
[WhiteElo "1579"]
[BlackElo "1515"]

1. Nf3 d5 2. g3 Nc6 3. Bg2 e5 4. e3 e4 5. Nd4 Nge7 6. a3 Nxd4 7. exd4 Nf5 8. O-O
Bd6 9. c4 Nxd4 10. cxd5 Bf5 11. Qa4+ Qd7 12. Qxd4 O-O 13. d3 exd3 14. Nd2 Qb5
15. a4 1-0

[Event "AUTO-INT-952"]
[Site "http://www.queenalice.com/game.php?id=427261"]
[Date "2008.7.4"]
[Round "1"]
[White "rio15"]
[Black "MusicMan"]
[Result "0-1"]
[WhiteElo "1502"]
[BlackElo "1592"]

1. e4 d5 2. exd5 Qxd5 3. Nc3 Qa5 4. d4 Bf5 5. Bc4 c6 6. Nf3 e6 7. Bf4 Nd7 8. O-O
Bb4 9. Qd2 O-O-O 10. a3 Bxc3 11. Qxc3 Qb6 12. Ne5 Nxe5 13. Bxe5 Nf6 14. b4 Ne4
15. Qf3 Nd2 0-1

[Event "QA-ANNIV-04"]
[Site "http://www.queenalice.com/game.php?id=445796"]
[Date "2008.8.8"]
[Round "2"]
[White "Donidon"]
[Black "rio15"]
[Result "1-0"]
[WhiteElo "2391"]
[BlackElo "1485"]

1. e4 e5 2. f4 d5 3. exd5 exf4 4. Nf3 Nf6 5. d4 Nxd5 6. c4 Bb4+ 7. Bd2 Bxd2+ 8.
Qxd2 Nf6 9. Qxf4 O-O 10. Nc3 Nc6 11. O-O-O Nh5 12. Qd2 Bg4 13. Be2 Bxf3 14. Bxf3
g6 15. Bxh5 gxh5 16. Qh6 1-0